Torture and related violations in Kenya : (Record no. 13572)

MARC details
000 -LEADER
fixed length control field 00732nam a22001932 4500
001 - CONTROL NUMBER
control field 0000013099
005 - DATE AND TIME OF LATEST TRANSACTION
control field 20151217155854.0
008 - FIXED-LENGTH DATA ELEMENTS--GENERAL INFORMATION
fixed length control field 090601s xx 000 0 eng d
040 ## - CATALOGING SOURCE
Original cataloging agency KABU
Transcribing agency KABU
110 2# - MAIN ENTRY--CORPORATE NAME
Corporate name or jurisdiction name as entry element Independent Medico Legal Unit.
-- 0000170218
245 10 - TITLE STATEMENT
Title Torture and related violations in Kenya :
Remainder of title alternative report to the United Nations Committee against Torture presented at the 41st session (3rd to 21st November 2008) /
Statement of responsibility, etc. prepared by Independent Medico Legal Unit (IMLU)
250 ## - EDITION STATEMENT
Edition statement 1st ed.
260 ## - PUBLICATION, DISTRIBUTION, ETC. (IMPRINT)
Place of publication, distribution, etc. Nairobi :
Name of publisher, distributor, etc. IMLU,
Date of publication, distribution, etc. 2008.
300 ## - PHYSICAL DESCRIPTION
Extent 60 p.
650 #0 - SUBJECT ADDED ENTRY--TOPICAL TERM
Topical term or geographic name as entry element Torture
Geographic subdivision Kenya.
-- 0000170219
852 1# - LOCATION
-- p200 KES
908 ## - PUT COMMAND PARAMETER (RLIN)
Put command parameter 090601
950 ## - LOCAL HOLDINGS (RLIN)
-- 1
Holdings
Withdrawn status Lost status Source of classification or shelving scheme Not for loan Home library Current library Date acquired Total Checkouts Full call number Barcode Date last seen Price effective from Koha item type
    Library of Congress Classification   Kabarak, Main Campus Kabarak, Main Campus 17/12/2015   HV8599 .K4I53 2008 c. 1 17744 17/12/2015 17/12/2015 Africana Collection
Designed with assistance from East African Informatics Ltd